000 00486nam a2200169 i 4500
001 55787
003 ES-MaACL
005 20230906163223.0
007 t|
008 030926s1961 an ||||1| spa d
100 1 _aDheilly, J.
_944066
245 1 4 _aLos profetas /
_cJ. Dheilly ; [versión española de Juan A.G-Larraya].
260 _aAndorra :
_bCasal i Vall,
_c[1961]
300 _a154 p. ;
_c18 cm.
700 1 _aLarraya, Juan A. G.
_970325
852 _aES-MaACL
_jC-20728
_bR.48945
999 _c55787
_d55787